[Event "Pyramiden Franken Cup"]
[Site "Fuerth"]
[Date "2015.09.05"]
[Round "5"]
[White "Abicht, Ruediger"]
[Black "Roettinger, Eugen"]
[Result "0-1"]
[WhiteElo "1811"]
[BlackElo "2147"]
[PlyCount "84"]
[EventDate "2015.09.03"]
[EventType "swiss"]
[EventRounds "7"]
[EventCountry "GER"]
[SourceTitle "EXT 2016"]
[Source "ChessBase"]
[SourceDate "2015.10.08"]
[SourceVersion "1"]
[SourceVersionDate "2015.10.08"]
[SourceQuality "1"]

1. b4 d5 2. Bb2 Qd6 3. a3 a5 4. b5 c5 5. Nf3 Bg4 6. d3 Nd7 7. Nbd2 Nb6 8. a4 Qc7 9. Be5 Qd7 10. Bg3 f6 11. e4 e5 12. h3 Be6 13. Nh4 g5 14. Nhf3 d4 15. Nc4 Nxc4 16. dxc4 Bd6 17. Bd3 Ne7 18. Nd2 b6 19. Qe2 Ng6 20. 0-0-0 0-0-0 21. f3 h5 22. h4 Rdg8 23. Rdg1 Nf4 24. Bxf4 gxf4 25. Qf2 Qf7 26. Kb2 Rg7 27. Kb3 Rhg8 28. Rh2 Qg6 29. Nf1 Kc7 30. Qe2 Be7 31. Qf2 Qe8 32. Kb2 Bd7 33. Qd2 Qd8 34. Qf2 Rg6 35. Qe2 R8g7 36. Qf2 Qg8 37. Qe2 Kd6 38. Kb3 Be6 39. Qf2 Rg3 40. Qe2 Rh3 41. Qf2 Bd7 42. Rgh1 Rgg3 0-1

[Event "Pyramiden Franken Cup"]
[Site "Fuerth"]
[Date "2015.09.04"]
[Round "2"]
[White "Grafe, Wilhelm"]
[Black "Abicht, Ruediger"]
[Result "1-0"]
[WhiteElo "2168"]
[BlackElo "1811"]
[PlyCount "67"]
[EventDate "2015.09.03"]
[EventType "swiss"]
[EventRounds "7"]
[EventCountry "GER"]
[SourceTitle "EXT 2016"]
[Source "ChessBase"]
[SourceDate "2015.10.08"]
[SourceVersion "1"]
[SourceVersionDate "2015.10.08"]
[SourceQuality "1"]

1. Nf3 c5 2. g3 b6 3. Bg2 Bb7 4. c4 Nf6 5. Nc3 e6 6. 0-0 d6 7. a3 Nbd7 8. d3 a6 9. Rb1 Qc7 10. e4 Rc8 11. Bd2 Be7 12. Qe2 0-0 13. b4 Rfe8 14. Rfc1 Ng4 15. h3 Nge5 16. Nxe5 dxe5 17. Na4 Bc6 18. b5 axb5 19. cxb5 Bb7 20. Nb2 Red8 21. Nc4 Bd6 22. a4 Ra8 23. a5 bxa5 24. Bxa5 Rxa5 25. b6 Nxb6 26. Nxa5 Ba6 27. Bf1 Be7 28. Qe3 h6 29. h4 f5 30. exf5 exf5 31. Qf3 Bc8 32. Qc6 Nd5 33. Qxc7 Nxc7 34. Nc6 1-0